MARC

LEADER 00000nam0a2200000 4500
001 231134
005 20231101231045.0
035 |a (RuTPU)RU\TPU\book\252150 
035 |a RU\TPU\book\252143 
090 |a 231134 
100 |a 20130130d1938 k y0rusy50 ca 
101 1 |a rus  |c eng 
102 |a RU 
105 |a y z 001zy 
200 1 |a Сила тяжести и форма Земли  |a Прочность Земли  |e пер. с англ.  |f Г. Джеффрис  |g Главное геологическое управление ; Центральная геологическая библиотека 
210 |a Ленинград  |c Главное геолог. управление  |d 1938 
215 |a 26 с. 
225 1 |a Переводы по геологии и полезным ископаемым  |v № 118 
300 |a 3-я и 4-я главы книги "Землетрясения и горы" 
317 |5 63413507: КР-673  |a Поступила в НТБ в 2004 г. в составе книжного собрания профессора ТПИ К. В. Радугина. 
606 1 |a Геология  |2 stltpush  |3 (RuTPU)RU\TPU\subj\6095  |9 34054 
610 1 |a Земля 
610 1 |a сила тяжести 
610 1 |a форма 
610 1 |a прочность 
610 1 |a переводы 
610 1 |a землетрясения 
610 1 |a горы 
610 1 |a библиотека К. В. Радугина 
675 |a 55  |v 3 
700 1 |a Джеффрис  |b Г. 
712 0 2 |a Главное геологическое управление  |2 stltpush  |3 (RuTPU)RU\TPU\col\18485 
712 0 2 |a Центральная геологическая библиотека  |2 stltpush  |3 (RuTPU)RU\TPU\col\18537 
801 1 |a RU  |b 63413507  |c 20130130 
801 2 |a RU  |b 63413507  |c 20130621  |g RCR 
942 |c BK